Hệ thống hóa kiến thức địa lí lớp 10 CCGD Luận văn tốt nghiệp Đại học Sư phạm ngành Địa Khóa 14

Guardat en:
Dades bibliogràfiques
Autor principal: Lưu Dương Thành
Format: Llibre
Idioma:Undetermined
Publicat: Cần Thơ Trường Đại học Cần Thơ, Khoa Sư phạm, Bộ môn Địa lí 1992
Matèries:
Etiquetes: Afegir etiqueta
Sense etiquetes, Sigues el primer a etiquetar aquest registre!
Thư viện lưu trữ: Trung tâm Học liệu Trường Đại học Cần Thơ
LEADER 00761nam a2200193Ia 4500
001 CTU_33633
008 210402s9999 xx 000 0 und d
082 |a 910.7 
082 |b Th107/1992 
100 |a Lưu Dương Thành 
245 0 |a Hệ thống hóa kiến thức địa lí lớp 10 CCGD 
245 0 |b Luận văn tốt nghiệp Đại học Sư phạm ngành Địa Khóa 14 
245 0 |c Lưu Dương Thành 
260 |a Cần Thơ 
260 |b Trường Đại học Cần Thơ, Khoa Sư phạm, Bộ môn Địa lí 
260 |c 1992 
650 |a geography - study and teaching ( secondary ) 
904 |i Nguyễn Quang Điền, 991104 
980 |a Trung tâm Học liệu Trường Đại học Cần Thơ